White bolts, black locks : participation in the inner city /

Αποθηκεύτηκε σε:
Λεπτομέρειες βιβλιογραφικής εγγραφής
Κύριος συγγραφέας: Thomas, David N., 1945-
Μορφή: Βιβλίο
Γλώσσα:English
Έκδοση: London ; Boston : Allen & Unwin, 1986.
Θέματα:
LEADER 01353cam a2200361 a 4500
001 c000282803
003 CARM
005 20080613083530.0
008 860123s1986 enk b 001 0 eng d
010 |a 86001194 
019 1 |a 4438016  |5 LACONCORD2021 
020 |a 0043610668 (alk. paper) 
020 |a 0043610676 (pbk. : alk. paper) 
035 |a (OCoLC)13126321  |5 LACONCORD2021 
040 |a DLC  |b eng  |c DLC  |d DLC  |d LC  |d VCAV 
043 |a e-uk--- 
050 0 0 |a HN400.Z9  |b C67 1986 
082 0 4 |a 305.800941  |2 19 
100 1 |a Thomas, David N.,  |d 1945- 
245 1 0 |a White bolts, black locks :  |b participation in the inner city /  |c David N. Thomas. 
246 3 |a Participation in the inner city 
260 |a London ;  |a Boston :  |b Allen & Unwin,  |c 1986. 
300 |a xii, 252 p. ;  |c 23 cm. 
500 |a Includes index. 
504 |a Bibliography: p. 232-237. 
650 0 |a Community development, Urban  |z Great Britain  |x Citizen participation. 
650 0 |a Blacks  |z Great Britain. 
650 0 |a Neighborhood  |z Great Britain. 
650 0 |a Inner cities  |z Great Britain. 
651 0 |a Great Britain  |x Race relations. 
852 8 |b CARM  |h A1:AQ02B0  |i B10601  |p 0469555  |f BK 
999 f f |i 1fe7d8c5-7d84-55ca-b792-76d1db38b810  |s 490ac625-8800-5e2c-85fc-e665e6e0b20c 
952 f f |p Can circulate  |a CAVAL  |b CAVAL  |c CAVAL  |d CARM 1 Store  |e B10601  |f A1:AQ02B0  |h Other scheme  |i book  |m 0469555